00522nam a2200205Ia 4500008004000000020001800040041000800058082001800066100002100084245005800105260005900163300001200222650001100234650001400245650001200259650001100271650001200282650001400294650000800308210210b2009 xxu||||| |||| 00| 0 eng d a9788178299075 aeng a306.0954 NAYS aNAYAR (Pramod K) aSeeing stars: spectacle society and celebrity culture aNew DelhibSage Publications India Pvt. Limited.c2009 axiv-195 astars: aspectacle asociety aSeeing aculture acelebrity aand